000 01055nam a2200349 4500
001 8177
003 BD - JhCC
005 20230814122307.0
008 911002s1992 nyua 001 0 eng
020 _a0471804584 (lib. bdg. : v. 1)
020 _a0471804576 (v. 2)
035 _a(BD - JhCC)8177
035 _a(OCoLC)24626959
035 _aGLIS00620679
040 _aDLC
_cDLC
_dMYG
_dBD - JhCC
041 _aeng
050 0 0 _aQC21.2
_b.R47 1992
082 _a530
_bRES 1992
099 _aQC21.2.R47 1992
100 1 _aResnick, Robert,
_d1923-2014.
245 1 0 _aPhysics /
_cRobert Resnick, David Halliday,
250 _a4th ed.
260 _aNew York :
_bWiley,
_cc1992.
300 _a3 v. :
_bill. ;
_c29 cm.
500 _aVol. 2 and vol. 2, extended by David Halliday, Robert Resnick, Kenneth S. Krane.
500 _aIncludes indexes.
650 0 _aPhysics.
700 1 _aHalliday, David,
_d1916-2010.
942 _2ddc
_cBK
_04
949 _aMYGY
_v2
_b39080007835231
999 _c8177
_d8177